ARRUPE JESUIT UNIVERSITY

CORONAVIRUS -STOP THE SPREAD - CLEAN,DISINFECT,COVER

The grand design / (Record no. 128584)

MARC details
000 -LEADER
fixed length control field 01210cam a2200301 a 4500
001 - CONTROL NUMBER
control field 16577067
003 - CONTROL NUMBER IDENTIFIER
control field ARRUPE
005 - DATE AND TIME OF LATEST TRANSACTION
control field 20181116084537.0
008 - FIXED-LENGTH DATA ELEMENTS--GENERAL INFORMATION
fixed length control field 101213s2010 nyua 001 0 eng
010 ## - LIBRARY OF CONGRESS CONTROL NUMBER
LC control number 2010287390
020 ## - INTERNATIONAL STANDARD BOOK NUMBER
International Standard Book Number 9780553805376 (hbk.)
020 ## - INTERNATIONAL STANDARD BOOK NUMBER
International Standard Book Number 9780553907070 (ebook)
040 ## - CATALOGING SOURCE
Original cataloging agency DLC
Transcribing agency DLC
Modifying agency DLC
042 ## - AUTHENTICATION CODE
Authentication code pcc
050 00 - LIBRARY OF CONGRESS CALL NUMBER
Classification number QC794.6.G7
Item number H385 2011
082 00 - DEWEY DECIMAL CLASSIFICATION NUMBER
Classification number 530.142
Edition number 22
300 ## - PHYSICAL DESCRIPTION
Other physical details ill. (chiefly col.) ;
Dimensions 24 cm.
100 1# - MAIN ENTRY--PERSONAL NAME
Personal name Hawking, Stephen,
Dates associated with a name 1942-2018.
9 (RLIN) 43491
245 14 - TITLE STATEMENT
Title The grand design /
Statement of responsibility, etc Stephen Hawking and Leonard Mlodinow.
260 ## - PUBLICATION, DISTRIBUTION, ETC. (IMPRINT)
Place of publication, distribution, etc New York :
Name of publisher, distributor, etc Bantam Books,
Date of publication, distribution, etc c2010.
300 ## - PHYSICAL DESCRIPTION
Extent 198 p. :
500 ## - GENERAL NOTE
General note Includes index.
505 0# - FORMATTED CONTENTS NOTE
Formatted contents note The mystery of being -- The rule of law -- What is reality? -- Alternative histories -- The theory of everything -- Choosing our universe -- The apparent miracle -- The grand design.
650 #0 - SUBJECT ADDED ENTRY--TOPICAL TERM
Topical term or geographic name as entry element Unified field theories
Form subdivision Popular works.
9 (RLIN) 43492
650 #0 - SUBJECT ADDED ENTRY--TOPICAL TERM
Topical term or geographic name as entry element Superstring theories
Form subdivision Popular works.
9 (RLIN) 43493
650 #0 - SUBJECT ADDED ENTRY--TOPICAL TERM
Topical term or geographic name as entry element Mathematical physics
Form subdivision Popular works.
9 (RLIN) 43494
700 1# - ADDED ENTRY--PERSONAL NAME
Personal name Mlodinow, Leonard,
Dates associated with a name 1954-
9 (RLIN) 43495
906 ## - LOCAL DATA ELEMENT F, LDF (RLIN)
a 7
b cbc
c orignew
d 2
e ncip
f 20
g y-gencatlg
942 ## - ADDED ENTRY ELEMENTS (KOHA)
Source of classification or shelving scheme Library of Congress Classification
Koha item type Monograph ( Printed materials)
Holdings
Withdrawn status Lost status Source of classification or shelving scheme Damaged status Not for loan Collection code Home library Current library Shelving location Date acquired Total Checkouts Full call number Barcode Date last seen Date checked out Price effective from Koha item type
    Library of Congress Classification     Main Collection ARRUPE LIBRARY ARRUPE LIBRARY Main Collection 16/11/2018 2 QC794.6.G7 H385 2011 46600002591 06/06/2023 27/09/2021 16/11/2018 Monograph ( Printed materials)

 

Arrupe Library. PO Box MP320 Mt Pleasant, Harare, Zimbabwe
263 242 745411|librarian@aju.ac.zw